[Event "XXIX Memorial Edoardo Crespi A"]
[Site "Milano ITA"]
[Date "2008.12.06"]
[Round "1"]
[White "Pucovski, Miroslav"]
[Black "Loehnhardt, Benjamin"]
[Result "1-0"]
[WhiteElo "2343"]
[BlackElo "2113"]
[PlyCount "83"]
[EventDate "2008.12.06"]

1. e4 e6 2. d4 b6 3. Nf3 Bb7 4. Bd3 c5 5. c3 Nf6 6. Qe2 Be7 7. O-O Nc6 8. a3
Na5 9. Nbd2 c4 10. Bc2 Qc7 11. e5 Nd5 12. Ne4 f5 13. exf6 Nxf6 14. Nfg5 Nb3 15.
Nxf6+ Bxf6 16. Qh5+ g6 17. Bxg6+ Ke7 18. Bc2 Raf8 19. Bxb3 cxb3 20. f3 Qc4 21.
Re1 Qd5 22. Qh6 Rhg8 23. Ne4 Qf5 24. Ng3 Qc2 25. Qd2 Qg6 26. Qh6 Qc2 27. Re2
Qd1+ 28. Kf2 Qd3 29. Bf4 Rf7 30. Rd2 Qb5 31. Re1 Rg6 32. Qh3 Qd5 33. Kg1 Bg7
34. Be3 Kf8 35. Qh4 Bf6 36. Qf4 Bc6 37. c4 Qa5 38. Qb8+ Kg7 39. d5 Bg5 40. Qe5+
Kh6 41. Qe4 Bb7 42. Qh4+ 1-0

[Event "XXIX Memorial Edoardo Crespi A"]
[Site "Milano ITA"]
[Date "2008.12.06"]
[Round "1"]
[White "Salmoiraghi, Angelo"]
[Black "Morchiashvili, Bachana"]
[Result "0-1"]
[WhiteElo "2122"]
[BlackElo "2411"]
[PlyCount "84"]
[EventDate "2008.12.06"]

1. e4 c6 2. d4 d5 3. e5 Bf5 4. Nf3 e6 5. Be2 Ne7 6. O-O Nd7 7. c4 dxc4 8. Bxc4
Nb6 9. Bd3 Qd7 10. Be3 Rd8 11. Nc3 Bxd3 12. Qxd3 Nf5 13. Rfd1 Be7 14. Rac1 O-O
15. Ne4 h6 16. Qd2 Qd5 17. Nc3 Qa5 18. a3 Nd5 19. Ne4 Qxd2 20. Bxd2 Nb6 21. Ba5
Rd5 22. Bxb6 axb6 23. g4 Nh4 24. Nxh4 Bxh4 25. Nd6 f6 26. f4 fxe5 27. fxe5 Bf2+
28. Kh1 Bxd4 29. Nxb7 c5 30. b4 Rxe5 31. bxc5 bxc5 32. Rc2 Ra8 33. Rd3 Re1+ 34.
Kg2 Rg1+ 35. Kh3 e5 36. Nd6 Ra1 37. Nc4 e4 38. Rb3 Rd1 39. Nd2 Re8 40. a4 e3
41. Nf3 e2 42. a5 Rf1 0-1

[Event "XXIX Memorial Edoardo Crespi A"]
[Site "Milano ITA"]
[Date "2008.12.06"]
[Round "1"]
[White "Salvador, Roland"]
[Black "Borin, Fabio"]
[Result "1-0"]
[WhiteElo "2464"]
[BlackElo "2130"]
[PlyCount "59"]
[EventDate "2008.12.06"]

1. d4 c5 2. d5 e5 3. e4 d6 4. f4 exf4 5. Bxf4 Ne7 6. Nc3 Ng6 7. Bg3 a6 8. a4
Be7 9. Nf3 Bg4 10. Be2 Bxf3 11. Bxf3 Bh4 12. Bxh4 Qxh4+ 13. g3 Qg5 14. Ne2 Qe3
15. Ra3 Qg5 16. Rb3 Ne5 17. Nf4 Qe7 18. O-O O-O 19. Bg2 Qc7 20. g4 c4 21. Rh3
Qe7 22. g5 g6 23. Nh5 gxh5 24. Qxh5 f6 25. gxf6 Qf7 26. Rg3+ Kh8 27. Qh6 Nbd7
28. Rg7 Qg6 29. Rxg6 Nxg6 30. Qg7# 1-0

[Event "XXIX Memorial Edoardo Crespi A"]
[Site "Milano ITA"]
[Date "2008.12.07"]
[Round "2"]
[White "Agrifoglio, Fabio"]
[Black "Salmoiraghi, Angelo"]
[Result "0-1"]
[WhiteElo "1998"]
[BlackElo "2122"]
[PlyCount "106"]
[EventDate "2008.12.06"]

1. d4 c5 2. d5 Nf6 3. g3 e5 4. Bg2 d6 5. c4 Nbd7 6. Nf3 Be7 7. Nc3 Nf8 8. Qc2
Ng6 9. h4 h6 10. Nd2 Bd7 11. Nf1 a6 12. a4 Qc8 13. a5 Bd8 14. e4 h5 15. Bd2 Ng4
16. f3 Nh6 17. Ne3 Ne7 18. Ne2 f5 19. f4 Ng6 20. exf5 Nxf5 21. Nxf5 Bxf5 22.
Be4 Bxe4 23. Qxe4 Qg4 24. Ra3 O-O 25. Rf1 Bf6 26. Rb3 Rae8 27. Re3 exf4 28.
Qxe8 fxe3 29. Qxe3 Bxb2 30. Rxf8+ Kxf8 31. Qf2+ Kg8 32. Bf4 Be5 33. Qe3 Qf5 34.
Kd2 Qb1 35. Qd3 Bxf4+ 36. Nxf4 Qb2+ 37. Kd1 Qa1+ 38. Ke2 Qb2+ 39. Ke1 Nxf4 40.
gxf4 Qc1+ 41. Qd1 Qxd1+ 42. Kxd1 Kf7 43. Ke2 Ke7 44. Ke3 g6 45. Ke4 Kd7 46. f5
gxf5+ 47. Kxf5 b6 48. axb6 a5 49. b7 Kc7 50. Ke6 a4 51. b8=Q+ Kxb8 52. Kxd6 a3
53. Ke7 a2 0-1

[Event "XXIX Memorial Edoardo Crespi A"]
[Site "Milano ITA"]
[Date "2008.12.07"]
[Round "2"]
[White "Barlocco, Carlo"]
[Black "Crippa, Gabriele"]
[Result "1-0"]
[WhiteElo "2144"]
[BlackElo "2080"]
[PlyCount "67"]
[EventDate "2008.12.06"]

1. d4 d6 2. e4 e5 3. Nf3 exd4 4. Nxd4 Nf6 5. Nc3 Be7 6. Be2 c5 7. Bb5+ Kf8 8.
Nf5 Bxf5 9. exf5 Nc6 10. O-O Qb6 11. Bc4 Ne5 12. Bd5 h5 13. Re1 Re8 14. Bf4
Qxb2 15. Qd2 Nxd5 16. Nxd5 Qd4 17. Qxd4 cxd4 18. Rad1 Bf6 19. Re4 Rc8 20. Nxf6
gxf6 21. Rexd4 Rxc2 22. a4 Rc6 23. h3 Ke7 24. Bc1 Rhc8 25. Ba3 Nc4 26. Re4+ Kd7
27. Bb4 a5 28. Bc3 Rc5 29. Bxf6 Rxf5 30. Bh4 d5 31. g4 hxg4 32. hxg4 Rg8 33.
Rxc4 Ke6 34. Rcd4 1-0

[Event "XXIX Memorial Edoardo Crespi A"]
[Site "Milano ITA"]
[Date "2008.12.07"]
[Round "2"]
[White "Bonanno, Alessandro"]
[Black "Bove, Alessandro"]
[Result "0-1"]
[WhiteElo "2125"]
[BlackElo "2246"]
[PlyCount "52"]
[EventDate "2008.12.06"]

1. e4 c5 2. Nf3 Nc6 3. d4 cxd4 4. Nxd4 Nf6 5. Nc3 d6 6. Bc4 e5 7. Nxc6 bxc6 8.
O-O Be7 9. Qe2 O-O 10. Rd1 Kh8 11. b4 Bg4 12. f3 Qb6+ 13. Kh1 Qxb4 14. Bd2 Be6
15. Nd5 Qb7 16. Ba6 Qd7 17. Nxe7 Qxe7 18. Rab1 Rab8 19. a3 Qc7 20. Bg5 Qa5 21.
Qd3 Rxb1 22. Rxb1 Nd7 23. Be7 Rb8 24. Rd1 Nc5 25. Qxd6 Nxa6 26. Bd8 Qc5 0-1

[Event "XXIX Memorial Edoardo Crespi A"]
[Site "Milano ITA"]
[Date "2008.12.07"]
[Round "2"]
[White "Borin, Fabio"]
[Black "Miatello, Alberto"]
[Result "0-1"]
[WhiteElo "2130"]
[BlackElo "2007"]
[PlyCount "140"]
[EventDate "2008.12.06"]

1. d4 Nf6 2. c4 g6 3. Nc3 Bg7 4. e4 d6 5. Nge2 O-O 6. Ng3 c5 7. d5 e6 8. Be2
exd5 9. cxd5 a6 10. a4 h5 11. h4 Nbd7 12. Bg5 Qb6 13. Qd2 Kh7 14. a5 Qc7 15.
Qf4 Ng8 16. Bxh5 gxh5 17. Qf3 Ne5 18. Qxh5+ Nh6 19. Nf5 Bxf5 20. exf5 f6 21. f4
Qf7 22. Qe2 Neg4 23. O-O-O Rae8 24. Ne4 Qc7 25. Bxh6 Nxh6 26. Qc2 Kg8 27. Ng5
Qxa5 28. Ne6 Rf7 29. Kb1 b5 30. Rh3 b4 31. g4 Nxg4 32. Qe2 Nh6 33. Qh5 Rb8 34.
Rg3 b3 35. Nxg7 Qa2+ 36. Kc1 Qa1+ 37. Kd2 Qxb2+ 38. Ke1 Rxg7 39. Rxg7+ Kxg7 40.
Qg6+ Kf8 41. Qxh6+ Ke7 42. Qg7+ Kd8 43. Qf8+ Kc7 44. Qe7+ Kc8 45. Qe6+ Kb7 46.
Qd7+ Ka8 47. Qxd6 Re8+ 48. Qe6 Rxe6+ 49. fxe6 Qc3+ 50. Ke2 Qc2+ 51. Rd2 Qe4+
52. Kf1 Qxf4+ 53. Rf2 Qe5 54. Re2 Qf5+ 55. Ke1 Qb1+ 56. Kf2 b2 57. e7 Qf5+ 58.
Kg3 Qg6+ 59. Kf4 b1=Q 60. e8=Q+ Qxe8 61. Rxe8+ Kb7 62. Re7+ Kc8 63. Re6 Qf1+
64. Kg4 Qc4+ 65. Kf5 Qxd5+ 66. Kxf6 Qd8+ 67. Re7 c4 68. Kf7 Qd5+ 69. Kf8 c3 70.
Re3 Qc5+ 0-1

[Event "XXIX Memorial Edoardo Crespi A"]
[Site "Milano ITA"]
[Date "2008.12.07"]
[Round "2"]
[White "Bozzali, Ermanno"]
[Black "Battistella, Stefano"]
[Result "1/2-1/2"]
[WhiteElo "2154"]
[BlackElo "2088"]
[PlyCount "56"]
[EventDate "2008.12.06"]

1. e4 e5 2. Nf3 Nf6 3. Nxe5 d6 4. Nf3 Nxe4 5. Nc3 Nxc3 6. dxc3 Be7 7. Bf4 Be6
8. Qd2 Nc6 9. O-O-O h6 10. h4 a6 11. Kb1 Qd7 12. Nd4 Nxd4 13. cxd4 d5 14. Be5
f6 15. Bf4 O-O-O 16. Qa5 g5 17. Bc1 Bf5 18. Bd3 c6 19. Rhe1 Bd6 20. Be3 Rhe8
21. Kc1 Be4 22. Bf1 Qh7 23. Qd2 Qc7 24. Kb1 Qb6 25. Ka1 Qc7 26. Rc1 Kb8 27. a3
Ka8 28. Qc3 Rg8 1/2-1/2

[Event "XXIX Memorial Edoardo Crespi A"]
[Site "Milano ITA"]
[Date "2008.12.07"]
[Round "2"]
[White "Brigati, Alessandro"]
[Black "Ljubicic, Filip"]
[Result "0-1"]
[WhiteElo "2090"]
[BlackElo "2415"]
[PlyCount "60"]
[EventDate "2008.12.06"]

1. d4 Nf6 2. Bf4 g6 3. e3 Bg7 4. Be2 d6 5. Nf3 O-O 6. h3 c6 7. O-O Nbd7 8. c4
c5 9. Nc3 a6 10. Qd2 b6 11. Rad1 Bb7 12. d5 b5 13. cxb5 Qa5 14. bxa6 Bxa6 15.
Bxa6 Rxa6 16. e4 Qb4 17. a3 Qc4 18. Rfe1 Rb8 19. e5 Nh5 20. Bh2 Rab6 21. Re4
Qa6 22. Rb1 f5 23. exf6 Bxf6 24. g4 Ng7 25. Kg2 Rb3 26. Nd1 h6 27. Qxh6 Rxf3
28. Kxf3 Qd3+ 29. Ne3 Qxb1 30. Qxg6 Qh1+ 0-1

[Event "XXIX Memorial Edoardo Crespi A"]
[Site "Milano ITA"]
[Date "2008.12.07"]
[Round "2"]
[White "Drazic, Sinisa"]
[Black "Damia, Angelo"]
[Result "1-0"]
[WhiteElo "2528"]
[BlackElo "2221"]
[PlyCount "127"]
[EventDate "2008.12.06"]

1. d4 d5 2. c4 e5 3. e3 exd4 4. exd4 Nc6 5. Nc3 Nf6 6. Nf3 Bg4 7. Be3 Bb4 8. a3
Bxc3+ 9. bxc3 O-O 10. h3 Bh5 11. g4 Bg6 12. Nh4 dxc4 13. Nxg6 hxg6 14. Bxc4 Nd5
15. Qf3 Nxc3 16. Rc1 Na4 17. O-O Nb6 18. Ba2 Rc8 19. Rfd1 Qf6 20. Qg3 Rfd8 21.
d5 Ne7 22. Bd4 Qg5 23. Be3 Qf6 24. Bd4 Qg5 25. h4 Qh6 26. Be3 Qh8 27. Rxc7 Rxc7
28. Qxc7 Rd7 29. Qb8+ Kh7 30. Qxh8+ Kxh8 31. d6 Nbc8 32. Bf4 Nc6 33. Kg2 Kg8
34. h5 g5 35. Bg3 Kf8 36. Bb3 Ke8 37. Bc2 Nb6 38. Bf5 Rd8 39. Rh1 Nd4 40. Be4
Nc4 41. h6 gxh6 42. Rxh6 Ne6 43. Bd5 Nxa3 44. Bxe6 fxe6 45. Rxe6+ Kd7 46. Rg6
Nb5 47. Rxg5 Nxd6 48. Ra5 a6 49. Bxd6 Kxd6 50. g5 Re8 51. f4 Re3 52. Kf2 Re6
53. Kf3 Ke7 54. Ra1 b5 55. f5 Rb6 56. Rh1 b4 57. f6+ Kf7 58. Rh7+ Kf8 59. Kf4
b3 60. Kf5 Rb5+ 61. Kg6 Ke8 62. Rh8+ Kd7 63. f7 b2 64. Rh1 1-0

[Event "XXIX Memorial Edoardo Crespi A"]
[Site "Milano ITA"]
[Date "2008.12.07"]
[Round "2"]
[White "Garano, Nicola"]
[Black "Galli, Fabio"]
[Result "1/2-1/2"]
[WhiteElo "2251"]
[BlackElo "2052"]
[PlyCount "87"]
[EventDate "2008.12.06"]

1. e4 d6 2. d4 e5 3. Nf3 exd4 4. Nxd4 g6 5. Nc3 Bg7 6. Be3 Ne7 7. Bc4 Nbc6 8.
Qd2 O-O 9. O-O-O Nxd4 10. Bxd4 Be6 11. Bxe6 fxe6 12. h4 Bxd4 13. Qxd4 Nc6 14.
Qe3 Qf6 15. Rd2 Ne5 16. Qe2 a6 17. Kb1 b5 18. Nd1 Rad8 19. h5 g5 20. h6 d5 21.
exd5 Rxd5 22. Nc3 Rxd2 23. Qxd2 Nc4 24. Qc1 Qf4 25. f3 Qxc1+ 26. Kxc1 Nd6 27.
Kd1 Kf7 28. Ke2 Kg6 29. g4 Nc4 30. Ne4 Ne5 31. Rh3 Nf7 32. Rh5 Rd8 33. Nc5 Rd6
34. Nd3 e5 35. Ke3 a5 36. Rh2 c6 37. c3 Rd5 38. b3 Rd6 39. Rh5 Re6 40. Nc5 Re7
41. Ne4 Rd7 42. Nc5 Re7 43. Ne4 Rd7 44. Nc5 1/2-1/2

[Event "XXIX Memorial Edoardo Crespi A"]
[Site "Milano ITA"]
[Date "2008.12.07"]
[Round "2"]
[White "Kasparova, Tatiana"]
[Black "Luppi, Sergio"]
[Result "1-0"]
[WhiteElo "2185"]
[BlackElo "1974"]
[PlyCount "51"]
[EventDate "2008.12.06"]

1. e4 g6 2. d4 Bg7 3. Nc3 d6 4. g3 Nf6 5. Bg2 O-O 6. h3 e5 7. Be3 exd4 8. Bxd4
Nc6 9. Be3 Re8 10. Nge2 Ne5 11. b3 Nfd7 12. Qd2 Qf6 13. f4 Nc6 14. O-O Nb6 15.
Rad1 Qe7 16. Bf2 Bd7 17. g4 f5 18. exf5 gxf5 19. g5 Be6 20. Ng3 Qf7 21. Bf3 Re7
22. Nb5 a6 23. Nxc7 Rxc7 24. Bxb6 Rd7 25. Rfe1 Kh8 26. Nh5 1-0

[Event "XXIX Memorial Edoardo Crespi A"]
[Site "Milano ITA"]
[Date "2008.12.07"]
[Round "2"]
[White "Loehnhardt, Benjamin"]
[Black "Cazzaniga, Walter"]
[Result "1/2-1/2"]
[WhiteElo "2113"]
[BlackElo "2160"]
[PlyCount "94"]
[EventDate "2008.12.06"]

1. e4 e6 2. d4 d5 3. exd5 exd5 4. Bd3 Nc6 5. c3 Bd6 6. Ne2 Nge7 7. Qc2 Bg4 8.
f3 Bh5 9. Bf4 Qd7 10. Nd2 O-O-O 11. O-O-O Rhe8 12. Rde1 Bg6 13. h4 Bxd3 14.
Qxd3 Qf5 15. Qxf5+ Nxf5 16. Bxd6 Rxd6 17. Nf1 Rde6 18. Kd2 Kd7 19. b3 b5 20. g4
Ne3 21. Nxe3 Rxe3 22. Nf4 Rxf3 23. Rxe8 Kxe8 24. Nxd5 Kd7 25. a3 Kd6 26. Ne3
Rf2+ 27. Kd3 a5 28. Nf5+ Kd7 29. Nxg7 Rf3+ 30. Kd2 b4 31. axb4 axb4 32. cxb4
Nxd4 33. Nh5 Nxb3+ 34. Ke2 Nd4+ 35. Kd2 Kc6 36. Rc1+ Kb6 37. Rc4 Nc6 38. Ke2
Rh3 39. g5 Ne5 40. Rf4 Ng6 41. Rxf7 Rxh4 42. Nf6 h6 43. Nd5+ Kc6 44. Nxc7 hxg5
45. b5+ Kb6 46. Rf6+ Kxc7 47. Rxg6 Rb4 1/2-1/2

[Event "XXIX Memorial Edoardo Crespi A"]
[Site "Milano ITA"]
[Date "2008.12.07"]
[Round "2"]
[White "Mastroddi, Emiliano"]
[Black "Barberi, Alessandro"]
[Result "1-0"]
[WhiteElo "2069"]
[BlackElo "2156"]
[PlyCount "49"]
[EventDate "2008.12.06"]

1. e4 g6 2. d4 Bg7 3. Nc3 d6 4. f4 a6 5. Nf3 b5 6. Bd3 Bb7 7. O-O Nd7 8. e5 e6
9. a4 b4 10. Ne4 Bxe4 11. Bxe4 d5 12. Bd3 h5 13. Qe2 a5 14. c3 Ne7 15. cxb4
axb4 16. Bd2 Qb8 17. b3 Qb6 18. Rfc1 Nf5 19. Bxf5 gxf5 20. Rc2 Bf8 21. Be3 Ra5
22. Rac1 c5 23. dxc5 Bxc5 24. Bxc5 Nxc5 25. Qf2 1-0

[Event "XXIX Memorial Edoardo Crespi A"]
[Site "Milano ITA"]
[Date "2008.12.07"]
[Round "2"]
[White "Melotti, Dario"]
[Black "Salvador, Roland"]
[Result "0-1"]
[WhiteElo "2085"]
[BlackElo "2464"]
[PlyCount "64"]
[EventDate "2008.12.06"]

1. c4 e5 2. Nc3 Nc6 3. g3 f5 4. Bg2 Nf6 5. e3 Bb4 6. Nge2 O-O 7. a3 Bxc3 8.
Nxc3 d6 9. d3 Be6 10. Nd5 e4 11. Nf4 Bf7 12. h4 d5 13. cxd5 Nxd5 14. Nxd5 Bxd5
15. d4 Bc4 16. b3 Ba6 17. Bf1 Bxf1 18. Kxf1 Ne5 19. a4 Rf6 20. Ba3 Nd3 21. h5
Qd5 22. f4 Re8 23. Rh2 Ree6 24. Rb1 Rc6 25. Rg2 Rc3 26. Kg1 Rb6 27. g4 Rcxb3
28. Ra1 Nxf4 29. exf4 Rd3 30. Qf1 Qxd4+ 31. Kh1 Rbb3 32. Rga2 fxg4 0-1

[Event "XXIX Memorial Edoardo Crespi A"]
[Site "Milano ITA"]
[Date "2008.12.07"]
[Round "2"]
[White "Morchiashvili, Bachana"]
[Black "Iudicello, Giovanni"]
[Result "1-0"]
[WhiteElo "2411"]
[BlackElo "2183"]
[PlyCount "151"]
[EventDate "2008.12.06"]

1. d4 Nf6 2. c4 g6 3. Nc3 Bg7 4. Nf3 d6 5. e4 O-O 6. h3 e5 7. d5 a5 8. Bg5 h6
9. Be3 Na6 10. Be2 Bd7 11. Nd2 Nxe4 12. Ndxe4 f5 13. g4 fxe4 14. Nxe4 b6 15.
Qc2 Qe7 16. a3 Qf7 17. O-O-O Nc5 18. Nxc5 bxc5 19. Qe4 Rab8 20. Rhg1 Rb3 21.
Bd3 Rfb8 22. Rd2 Be8 23. h4 Qe7 24. h5 g5 25. Qh7+ Kf8 26. Be4 Bd7 27. Rg3 Bf6
28. Qxh6+ Qg7 29. Qxg7+ Kxg7 30. h6+ Kf7 31. Re2 Rh8 32. h7 Kg7 33. f3 Be8 34.
Bc2 Rb8 35. Rh3 Bg6 36. Reh2 Bxc2 37. Kxc2 a4 38. Bd2 Be7 39. Rh5 Kg6 40. Rh6+
Kg7 41. Re6 Kf7 42. Rh5 Rb3 43. Bc3 Bd8 44. f4 gxf4 45. g5 Bxg5 46. Rxg5 Rxh7
47. Kd3 Kf8 48. Ke4 Rf7 49. Reg6 Ke7 50. Rg8 Rb7 51. R5g7 Ra7 52. Rxf7+ Kxf7
53. Rb8 Kf6 54. Rg8 Kf7 55. Rg4 Ra8 56. Kf5 Rh8 57. Rg2 Rh5+ 58. Ke4 Kf6 59.
Ba5 Rh3 60. Re2 Rh7 61. b3 axb3 62. Rb2 Rh3 63. Bd2 Kg5 64. a4 Kg4 65. a5 Rh2
66. a6 f3 67. a7 Re2+ 68. Kd3 e4+ 69. Kc3 f2 70. Rb1 e3 71. a8=Q Rxd2 72. Qg8+
Kf3 73. Qf7+ Ke4 74. Qe6+ Kf4 75. Rh1 e2 76. Rh4+ 1-0

[Event "XXIX Memorial Edoardo Crespi A"]
[Site "Milano ITA"]
[Date "2008.12.07"]
[Round "2"]
[White "Pedini, Dario"]
[Black "Kasparov, Sergey"]
[Result "0-1"]
[WhiteElo "2123"]
[BlackElo "2492"]
[PlyCount "122"]
[EventDate "2008.12.06"]

1. e4 c6 2. d4 d5 3. exd5 cxd5 4. Nf3 Nf6 5. c3 Nc6 6. Bd3 Qc7 7. O-O Bg4 8.
Re1 e6 9. Nbd2 Bd6 10. Nf1 O-O 11. Bg5 Nd7 12. h3 Bh5 13. Bh4 Bg6 14. Bg3 Rab8
15. Bxg6 hxg6 16. Qd3 b5 17. a3 a5 18. Bxd6 Qxd6 19. Ne3 Ne7 20. Nc2 Rfc8 21.
Ne5 Nxe5 22. Rxe5 Nc6 23. Re3 b4 24. axb4 axb4 25. Ne1 Ne7 26. Qd2 Nf5 27. Rd3
Rb7 28. Nc2 bxc3 29. Rxc3 Rxc3 30. Qxc3 Rc7 31. Qd3 Qc6 32. Ne3 Nxe3 33. fxe3
Qb7 34. Qa3 Rc8 35. b4 g5 36. Rb1 Qb5 37. Qb2 Qd3 38. Qb3 Rc3 39. Qd1 Qxe3+ 40.
Kh1 Qe4 41. Rb3 Qc2 42. Qxc2 Rxc2 43. b5 Kf8 44. b6 Rc8 45. Kh2 Ke7 46. Kg3 Rb8
47. Kg4 Rb7 48. Kxg5 Kd6 49. Kf4 Kc6 50. h4 Rxb6 51. Rg3 g6 52. Ke5 Kd7 53. Kf6
Rb4 54. Rd3 Rb2 55. g4 Rg2 56. h5 gxh5 57. gxh5 Rh2 58. Kxf7 Rxh5 59. Kg6 Rh4
60. Kg5 Re4 61. Kf6 Kd6 0-1

[Event "XXIX Memorial Edoardo Crespi A"]
[Site "Milano ITA"]
[Date "2008.12.07"]
[Round "2"]
[White "Profumo, Alberto"]
[Black "Movsziszian, Karen"]
[Result "0-1"]
[WhiteElo "2231"]
[BlackElo "2558"]
[PlyCount "94"]
[EventDate "2008.12.06"]

1. Nf3 g6 2. c4 Bg7 3. d4 d6 4. Nc3 Nd7 5. e4 e5 6. Be2 Ngf6 7. O-O O-O 8. Be3
Qe7 9. Re1 c6 10. Bf1 h6 11. h3 exd4 12. Bxd4 Ne5 13. Nxe5 dxe5 14. Be3 Nd7 15.
Qd2 Kh7 16. Rad1 Re8 17. Qd6 Qxd6 18. Rxd6 Bf8 19. Rd2 Nc5 20. b4 Ne6 21. Rb1
a5 22. a3 axb4 23. axb4 Ra3 24. Nd1 c5 25. bxc5 Bxc5 26. Rb5 b6 27. Bxc5 bxc5
28. Ne3 Kg7 29. h4 h5 30. Rdb2 Bd7 31. Rb6 Rea8 32. Be2 Nd4 33. Bf3 Rc3 34. Rb7
Be6 35. Rc7 Ra1+ 36. Bd1 Rd3 37. Kh2 Raxd1 38. Nxd1 Rxd1 39. Rxc5 Kf6 40. Rc7
Rc1 41. c5 g5 42. hxg5+ Kxg5 43. Rb8 h4 44. Rh8 h3 45. gxh3 Kf4 46. Rh4+ Kf3
47. Ra7 Kxf2 0-1

[Event "XXIX Memorial Edoardo Crespi A"]
[Site "Milano ITA"]
[Date "2008.12.07"]
[Round "2"]
[White "Rettore, Ludwig"]
[Black "Barsov, Alexei"]
[Result "0-1"]
[WhiteElo "2171"]
[BlackElo "2513"]
[PlyCount "116"]
[EventDate "2008.12.06"]

1. e4 e6 2. d4 d5 3. Nc3 Bb4 4. e5 Ne7 5. a3 Bxc3+ 6. bxc3 c5 7. Qg4 O-O 8. Bd3
f5 9. exf6 Rxf6 10. Qh5 h6 11. Nf3 Nbc6 12. O-O c4 13. Be2 Bd7 14. Rb1 b6 15.
Re1 Qf8 16. Bd1 Rd8 17. a4 Nc8 18. Ra1 Nd6 19. Ba3 Qf7 20. Ne5 Nxe5 21. Bxd6
Ng6 22. Bg3 Rf5 23. Qe2 h5 24. h3 Rf8 25. f3 Qf6 26. a5 b5 27. a6 b4 28. Qd2
Rg5 29. Kh2 h4 30. Bd6 bxc3 31. Qxc3 Nf4 32. Bxf4 Qxf4+ 33. Kh1 e5 34. Rxe5
Rxe5 35. dxe5 Re8 36. Be2 Qxe5 37. Qxe5 Rxe5 38. Bf1 Re6 39. Rd1 Bc6 40. Kg1
Kf7 41. Rd4 Re1 42. Rf4+ Ke6 43. Rg4 Kf6 44. Rf4+ Ke5 45. Rf7 Ra1 46. Rxa7 d4
47. Rc7 Kd6 48. Rxg7 d3 49. cxd3 c3 50. Rg6+ Kc7 51. Rg4 c2 52. Rc4 c1=Q 53.
Rxc1 Rxc1 54. Kf2 Bb5 55. a7 Kb7 56. Be2 Kxa7 57. f4 Kb6 58. Kf3 Rc2 0-1

[Event "XXIX Memorial Edoardo Crespi A"]
[Site "Milano ITA"]
[Date "2008.12.07"]
[Round "2"]
[White "Stella, Andrea"]
[Black "Solodovnichenko, Yuri"]
[Result "1/2-1/2"]
[WhiteElo "2234"]
[BlackElo "2590"]
[PlyCount "109"]
[EventDate "2008.12.06"]

1. d4 Nf6 2. c4 e6 3. Nf3 d5 4. Nc3 c6 5. cxd5 exd5 6. Bg5 Bf5 7. e3 Qb6 8. Bd3
Qxb2 9. Bxf5 Qxc3+ 10. Kf1 Nbd7 11. Rb1 Qa3 12. Qe2 Bb4 13. e4 dxe4 14. Bxd7+
Nxd7 15. Qxe4+ Kf8 16. g3 h6 17. Bc1 Qa5 18. Qd3 Be7 19. Rxb7 Rd8 20. Qb3 c5
21. Rxd7 Qa6+ 22. Kg1 Rxd7 23. Ne5 Ke8 24. Qxf7+ Kd8 25. Nxd7 Kxd7 26. Qd5+ Qd6
27. Qb7+ Qc7 28. Qxc7+ Kxc7 29. Ba3 Rd8 30. Bxc5 Bxc5 31. dxc5 Rd2 32. Kg2 Rxa2
33. Re1 Kd7 34. c6+ Kd6 35. Re8 Kxc6 36. Rg8 a5 37. Rxg7 Rd2 38. Ra7 Kb5 39. g4
a4 40. h4 Rd4 41. Kg3 Kb6 42. Ra8 Kb7 43. Ra5 Kb6 44. Ra8 Kb7 45. Re8 a3 46.
Re1 Kc6 47. g5 hxg5 48. hxg5 Kd7 49. f4 a2 50. Kg4 Ra4 51. Rd1+ Ke6 52. Ra1 Kf7
53. Kf5 Ra5+ 54. Kg4 Kg6 55. f5+ 1/2-1/2

[Event "XXIX Memorial Edoardo Crespi A"]
[Site "Milano ITA"]
[Date "2008.12.07"]
[Round "2"]
[White "Sulashvili, Malkhaz"]
[Black "Calella, Sergio"]
[Result "1-0"]
[WhiteElo "2495"]
[BlackElo "2132"]
[PlyCount "77"]
[EventDate "2008.12.06"]

1. d4 Nf6 2. Nf3 c5 3. d5 d6 4. Nc3 Na6 5. e4 Nc7 6. Be2 g6 7. O-O Bg7 8. a4
O-O 9. Nd2 e6 10. Nc4 exd5 11. exd5 Nfe8 12. Nb5 Nxb5 13. axb5 Bd7 14. Na3 Nc7
15. Rb1 Re8 16. Be3 Bf5 17. b4 b6 18. Rb3 Be4 19. bxc5 bxc5 20. c4 Bf5 21. Qd2
Rb8 22. Bd3 Bxd3 23. Qxd3 Rb6 24. Bd2 Qd7 25. Nc2 Rbb8 26. Ra3 a6 27. bxa6 Rb6
28. a7 Ra8 29. Bc3 Ne8 30. Bxg7 Nxg7 31. Rfa1 Rb7 32. Qd2 f5 33. Qg5 Ne8 34.
Re1 Raxa7 35. Rae3 Ng7 36. Qf6 Qa4 37. Qxd6 Qxc2 38. Re8+ Nxe8 39. Rxe8+ 1-0

[Event "XXIX Memorial Edoardo Crespi A"]
[Site "Milano ITA"]
[Date "2008.12.07"]
[Round "2"]
[White "Trent, Lawrence"]
[Black "Facchetti, Gianni"]
[Result "1-0"]
[WhiteElo "2470"]
[BlackElo "2154"]
[PlyCount "83"]
[EventDate "2008.12.06"]

1. e4 e5 2. Nf3 Nc6 3. Bb5 Bc5 4. O-O Nf6 5. Nxe5 Nxe4 6. Qe2 Nxe5 7. Qxe4 Qe7
8. Nc3 Ng6 9. Qxe7+ Bxe7 10. Nd5 Bd6 11. Re1+ Kd8 12. Ne3 Re8 13. d4 c6 14. Bc4
f6 15. Bd2 Bf4 16. d5 Bxe3 17. Bxe3 d6 18. dxc6 bxc6 19. Rad1 d5 20. Bb3 Bd7
21. c4 dxc4 22. Bxc4 Ne5 23. Bb3 Ng4 24. Bf4 Rxe1+ 25. Rxe1 g5 26. Bd6 Ne5 27.
Bxe5 fxe5 28. Rxe5 h6 29. h4 gxh4 30. Rh5 h3 31. Rxh6 Kc7 32. gxh3 a5 33. Be6
Bxe6 34. Rxe6 a4 35. a3 Rg8+ 36. Kh2 Rb8 37. Re2 Rb3 38. Kg2 c5 39. f4 Kd6 40.
f5 c4 41. f6 Rb7 42. Rf2 1-0

[Event "XXIX Memorial Edoardo Crespi A"]
[Site "Milano ITA"]
[Date "2008.12.07"]
[Round "2"]
[White "Valenti, Giuseppe"]
[Black "Nicolo', Filippo"]
[Result "1-0"]
[WhiteElo "2162"]
[BlackElo "2094"]
[PlyCount "109"]
[EventDate "2008.12.06"]

1. e4 c5 2. Nf3 a6 3. Nc3 Nc6 4. d4 cxd4 5. Nxd4 e5 6. Nf3 Bb4 7. Bd2 Nf6 8.
Bd3 d5 9. exd5 Nxd5 10. Qe2 Bg4 11. h3 Bxf3 12. Qxf3 Nf6 13. O-O O-O 14. Bg5
Nd4 15. Qxb7 Bxc3 16. bxc3 Ne6 17. Be3 Nd5 18. Rad1 Qa5 19. Qxd5 Qxd5 20. Bxh7+
Kxh7 21. Rxd5 Rfc8 22. Rxe5 Rxc3 23. Rb1 Rxc2 24. a4 Ra2 25. a5 Rd8 26. Rb6 Nc7
27. Rb7 f6 28. Re7 Ne8 29. Bb6 Rc8 30. Ra7 Kg6 31. Rxa6 Nd6 32. Raa7 Nf5 33.
Rec7 Ra1+ 34. Kh2 Re8 35. g4 Ree1 36. gxf5+ Kxf5 37. Rxg7 Rh1+ 38. Kg2 Rag1+
39. Kf3 Ra1 40. Rg3 Ra3+ 41. Kg2 Raa1 42. Re7 Kf4 43. Rf3+ Kg5 44. Be3+ Kg6 45.
Rg3+ Kf5 46. Bb6 Kf4 47. Bc7+ Kf5 48. Kf3 Rac1 49. Rh7 Rc3+ 50. Kg2 Rcc1 51. h4
Ke4 52. Re3+ Kf5 53. Ra3 Kg4 54. Ra4+ Kf5 55. Bh2 1-0

[Event "XXIX Memorial Edoardo Crespi A"]
[Site "Milano ITA"]
[Date "2008.12.08"]
[Round "3"]
[White "Barberi, Alessandro"]
[Black "Agrifoglio, Fabio"]
[Result "1-0"]
[WhiteElo "2156"]
[BlackElo "1998"]
[PlyCount "125"]
[EventDate "2008.12.06"]

1. d4 d5 2. Nf3 e6 3. e3 f5 4. c4 Nf6 5. Be2 Be7 6. O-O O-O 7. b3 Ne4 8. Ne5
Nd7 9. f3 Nef6 10. Bb2 c6 11. Qc2 Qb6 12. c5 Qc7 13. b4 Nxe5 14. dxe5 Nd7 15.
f4 b6 16. Bd4 bxc5 17. bxc5 Qa5 18. Nd2 Ba6 19. Bc3 Qa3 20. Nb1 Qxc5 21. Bxa6
Qxe3+ 22. Kh1 Qb6 23. Be2 c5 24. Nd2 Qc7 25. Nf3 h6 26. Bb5 Nb6 27. Rfc1 a6 28.
Bf1 Qa7 29. Rab1 Rac8 30. Ba5 Nd7 31. Qa4 c4 32. Bb4 Nc5 33. Qd1 Ne4 34. Rc2
Bxb4 35. Rxb4 Nf2+ 36. Rxf2 Qxf2 37. Nd4 c3 38. Nc2 a5 39. Rb5 Rfd8 40. g3 d4
41. Bd3 Qd2 42. Rb1 Rb8 43. Qxd2 Rxb1+ 44. Qe1 Rxe1+ 45. Nxe1 Kf8 46. Kg2 Ke7
47. Kf3 Kd7 48. Ke2 Kc6 49. Bc4 Rb8 50. Kd3 Rb1 51. Nf3 Kc5 52. Bb3 Rb2 53. Bc2
a4 54. Nxd4 Kd5 55. Ne2 Kc5 56. Nxc3 Kb4 57. h4 a3 58. h5 Ka5 59. Bb3 Rg2 60.
Ne2 Rh2 61. Bxe6 Kb6 62. Bf7 Kc7 63. Nd4 1-0